000 00577nam a2200217Ia 4500
003 OSt
005 20220928144435.0
006 a|||||r|||| 00| 0
007 ta
008 220927b |||||||| |||| 00| 0 eng d
024 _a68806
037 _cTextual
040 _aSDCL
_cSDCL
_beng
041 _2eng
_aeng
082 _aD6,8(B289J2), P0
100 _aHolzner Steven
245 0 _aJava 2 swing,servlets,JDBC & java beans programming black book.
260 _c2000
942 _hD6,8(B289J2), P0
_cTEXL
_2CC
999 _c827243
_d827243